00517cam a22001457a 4500008004000000082001200040100002300052245011100075260002700186300001500213650002200228650001800250999001900268952008400287180718b1971 xxu||||| |||| 00| 0 eng d aJ7 C345 aChandwick , George aSystems view of planning : towards a theory of the Urban and regional planning Processcby George Chadwick aOxfordbPergamonc1971 axiii, 390p aRegional planning aCity planning c409430d409430 00104070aIIPAbIIPAd2009-01-05oJ7 C345pDA4073r2018-07-21w2018-07-21yDA